| 000 | 00705cam a22001934a 4500 | ||
|---|---|---|---|
| 020 | _a1589480813 (hardcover : alk. paper) | ||
| 040 | _cDLC | ||
| 082 | 0 | 4 | _a621 IND 2005 A040 Or. |
| 100 | 1 | _aAronoff, Stanley. | |
| 245 | 1 | 0 | _aRemote sensing for GIS managers / |
| 250 | _a1st ed. | ||
| 260 |
_aRedlands, Calif. : _bESRI Press : _bIndependent Publishers Group (IPG) [distributor], _c2005. |
||
| 300 |
_a487 p. : _bill. (chiefly col.), maps (chiefly col.) ; _c25 cm. |
||
| 650 | 0 | _aRemote sensing. | |
| 650 | 0 | _aGeographic information systems. | |
| 856 | 4 | 1 | _uhttp://www.loc.gov/catdir/toc/fy0605/2005013391.html |
| 856 | 4 | 2 | _uhttp://www.loc.gov/catdir/enhancements/fy0715/2005013391-d.html |
| 942 | _cEK | ||
| 999 |
_c11919 _d11919 |
||